TNA Wrestling Champions by Year - 2005 - Statistics

General Stats
  • This quiz has been taken 88 times
  • The average score is 13 of 15
Answer Stats
Title Date Event Wrestler % Correct
World Heavyweight May 15 Hard Justice AJ Styles
100%
X-Division January 16 Final Resolution AJ Styles
100%
X-Division September 11 Unbreakable AJ Styles
100%
World Heavyweight September 15 BCW International Incident Jeff Jarrett
95%
World Heavyweight November 3 TNA Impact! Jeff Jarrett
95%
X-Division December 11 Turning Point Samoa Joe
95%
X-Division March 13 Destination X Christopher Daniels
92%
Tag Team January 16 Final Resolution James Storm
92%
Tag Team October 22 TNA Impact! James Storm
92%
Tag Team January 16 Final Resolution Chris Harris
90%
Tag Team October 22 TNA Impact! Chris Harris
90%
World Heavyweight June 19 Slammiversary Raven
82%
World Heavyweight October 25 Bound for Glory Rhino
74%
Tag Team April 29 TNA Impact! Andy Douglas
56%
Tag Team April 29 TNA Impact! Chase Stevens
56%
No matching quizzes found
Score Distribution
Percent of People with Each Score
Percentile by Number Answered
Your Score History
You have not taken this quiz